LEADER 01282nam a2200277 i 4500 001 000000256451 003 CaOOAMICUS 005 20251010141215.0 008 171127s1888 it u000 u lat u 013 $a235359 040 $aSeMil$bita 110 2 $aArcidiocesi di Milano.$0(OLS)http://semarc/name/400 245 10$aDiurnum ambrosianum ... D. D. Aloisii Nazari a Calabiana archiepiscopi .. 260 $aMediolani :$bEx archiep. typographia Jacob. Agnelli,$c1888. 300 $aXXVI, 608, 15 ;$c16 cm. 500 $aLascito Card. C.M. Martini. 650 4$aLibri liturgici - Liturgia delle Ore - Rito ambrosiano.$0(OLS)http://semarc/subject/59246 650 4$aLibri liturgici - Breviario ambrosiano.$0(OLS)http://semarc/subject/59264 700 1 $aNazari di Calabiana, Luigi,$c.$0(OLS)http://semarc/name/888 850 $aSeMil 852 $aSeMil$W1$xVenegono$y1$m3K III 178 FA$j206797$B206797$CSeMilBibl$Z2$F220200 $8I 941 1 $a4 961 $aLascito: Martini Card. Carlo Maria 996 $6245$aDiurnum ambrosianum ... D. D. Aloisii Nazari a Calabiana archiepiscopi ..$9(OLS)http://semarc/title/352158 996 $6260$aMediolani :$bEx archiep. typographia Jacob. Agnelli$9(OLS)http://semarc/publisher/55349 LEADER 01262nam a2200253 i 4500 001 000000061568 003 CaOOAMICUS 005 20251202084417.0 008 130521s1776 xxk u000 u fre u 026 $auxls e,n- l.me Dipo (3) 1776 (R) 040 $aSeMil$bita 245 13$aLe christianisme dévoilé, ou Examen des principes et des effets de la religion chretienne. 260 $aA Londres :$b[s.n.],$c1776. 300 $axxxij, 206, [2] p. ;$c8°. 500 $aAttribuito solitamente al barone d'Holbach, o talvolta a Étienne-Noël Damilaville 500 $aLuogo di edizione falso; pubblicato a Amsterdam presso Marc Michel Rey, vedi BNF 650 4$aApologetica.$0(OLS)http://semarc/subject/703 700 1 $aDamilaville, Etienne-Noël,$d<1723-1768>.$0(OLS)http://semarc/name/31285 700 1 $aHolbach, Paul Henri : Dietrich,$c.$0(OLS)http://semarc/name/3228 850 $aSeMil 852 $aSeMil$W1$xVenegono$y1$m2L I 65 FA$j27721$B27721$CSeMilBibl$Z2$F27724 $8I 996 $6245$aLe christianisme dévoilé, ou Examen des principes et des effets de la religion chretienne$9(OLS)http://semarc/title/96756 996 $6260$aA Londres :$b[s.n.]$9(OLS)http://semarc/publisher/37270